Ảnh hưởng của thu nhập ngoài lãi đến thu nhập lãi cận biên tại các ngân hàng thương mại Việt Nam : Luận văn thạc sĩ chuyên ngành: Tài chính - Ngân hàng

Nội dung luận văn giới thiệu cơ sở lý luận và phương pháp nghiên cứu. Thực trạng thu nhập của các ngân hàng thương mại giai đoạn 2010 - 2016. Ảnh hưởng của thu nhập ngoài lãi cận biên tại các ngân hàng thương mại Việt Nam giai đoạn 2010 - 2016...

Descrición completa

Gardado en:
Detalles Bibliográficos
Autor Principal: Trịnh, Ngọc Duy
Formato: Libro
Idioma:Undetermined
Publicado: Cần Thơ Trường Đại học Cần Thơ 2018
Những chủ đề:
Các nhãn: Engadir etiqueta
Sen Etiquetas, Sexa o primeiro en etiquetar este rexistro!
Thư viện lưu trữ: Trung tâm Học liệu Trường Đại học Cần Thơ
LEADER 01215nam a2200217Ia 4500
001 CTU_228102
008 210402s9999 xx 000 0 und d
082 |a 332.12 
082 |b D523 
088 |a 8340201 
100 |a Trịnh, Ngọc Duy 
245 0 |a Ảnh hưởng của thu nhập ngoài lãi đến thu nhập lãi cận biên tại các ngân hàng thương mại Việt Nam : 
245 0 |b Luận văn thạc sĩ chuyên ngành: Tài chính - Ngân hàng 
245 0 |c Trịnh Ngọc Duy ; Trần Ái Kết (cán bộ hướng dẫn) 
260 |a Cần Thơ 
260 |b Trường Đại học Cần Thơ 
260 |c 2018 
520 |a Nội dung luận văn giới thiệu cơ sở lý luận và phương pháp nghiên cứu. Thực trạng thu nhập của các ngân hàng thương mại giai đoạn 2010 - 2016. Ảnh hưởng của thu nhập ngoài lãi cận biên tại các ngân hàng thương mại Việt Nam giai đoạn 2010 - 2016. 
650 |a Ngân hàng thương mại,Commercial banking 
910 |b dqhieu 
980 |a Trung tâm Học liệu Trường Đại học Cần Thơ